• 首页
  • 本馆介绍
  • 公告通知
  • 最新文献
  • 馆藏检索
  • 电子资源
  • 读者荐购
  • 参考咨询
  • CALIS
  • 我的图书馆
  • 登录
  • 详细信息显示
  • 放入我的书架
  • 预约/预借图书
  • 作者相关作品
  • 分类相关作品
  • 丛书相关作品
  • 出版社相关作品

书目信息

  • 表格格式
  • 工作单格式
  • 卡片格式
题名:
全国统一安装工程施工仪器表台班费用定额
    
 
作者: 原电子工业部 主编
分册:  
出版信息: 北京   中国计划出版社  2000.05
页数: 103页
开本: 32开
丛书名:
单 册:
中图分类: TU723.3
科图分类:
主题词: 建筑工程--施工组织 , 建筑工程--施工计划
电子资源:
ISBN: 7-80058-858-0
 
 
 
 
 
000 00695nam0 2200205 45
001 0009230863
005 20000923084333.0
010    @a7-80058-858-0@d12.00元
100    @a20000923d2000 km y0chiy0120 ea
101 0  @achi
105    @a z 000yy
200 1  @a全国统一安装工程施工仪器表台班费用定额@AQuan Guo Tong Yi An Zhuang Gong Cheng Shi Gong Yi QiBiao Tai Ban Fei Yong Ding E@f原电子工业部主编@FYuan Dian Zi Gong Ye Bu Zhu Bian
210    @a北京@c中国计划出版社@d2000.05
215    @a103页@d32开
606 0  @a建筑工程@x施工组织
606 0  @a建筑工程@x施工计划
690    @aTU723.3@v3
701  0 @a原电子工业部@4主编
801    @aCN@bPftUser@c20000923
905    @b151324@dTU723.3@eD:284@f1
    
    全国统一安装工程施工仪器表台班费用定额/原电子工业部主编.-北京:中国计划出版社,2000.05
    103页;32开
    
    
    ISBN 7-80058-858-0:12.00元
    
●
相关链接 在E读中查询图书 在当当中查询图书 在豆瓣中查询图书


正题名:全国统一安装工程施工仪器表台班费用定额     索取号:TU723.3/D:284         预约/预借

序号 登录号 条形码 馆藏地/架位号 状态 备注
1 151324   201513246   自科二线404/404自科库 7排1列6层/ [索取号:TU723.3/D:284] 在馆    
河南城建学院图书馆 欢迎您!
大连网信软件有限公司© 版权所有